Southville International School and Colleges
Your cart is empty.
  • Cart
  • Lists
    Public lists Eva Luna New books Lux_list list_1
    Your lists Log in to create your own lists
  • Log in to your account
  • Your cookies
  • Search history
Southville International School and Colleges
  • Advanced search
  • Recent comments
  • Most popular
  • Libraries

Log in to your account

Log in with GOOGLE


If you do not have an external account, but do have a local account, you can still log in:

  1. Home
  2. MARC view: Library cataloguing strategies/
Normal view MARC view ISBD view

Library cataloguing strategies/ (Record no. 2583)

[ view plain ]
MARC details
000 -LEADER
fixed length control field 00567nam a22002177a 4500
003 - CONTROL NUMBER IDENTIFIER
control field OSt
005 - DATE AND TIME OF LATEST TRANSACTION
control field 20140310181736.0
008 - FIXED-LENGTH DATA ELEMENTS--GENERAL INFORMATION
fixed length control field 130320t xxu||||| |||| 00| 0 eng d
020 ## - INTERNATIONAL STANDARD BOOK NUMBER
International Standard Book Number 8171694829
050 ## - LIBRARY OF CONGRESS CALL NUMBER
Classification number Z 695
Item number .D533 1997
082 ## - DEWEY DECIMAL CLASSIFICATION NUMBER
Classification number TR 025.3
Item number D53 1997
245 ## - TITLE STATEMENT
Title Library cataloguing strategies/
Statement of responsibility, etc K.S. Dhawan
260 ## - PUBLICATION, DISTRIBUTION, ETC. (IMPRINT)
Place of publication, distribution, etc New Delhi :
Name of publisher, distributor, etc Commonwealth Publishers,
Date of publication, distribution, etc c1997.
300 ## - PHYSICAL DESCRIPTION
Extent 229 p.
Dimensions 22 cm.
500 ## - GENERAL NOTE
General note Includes index.
520 ## - SUMMARY, ETC.
Summary, etc 1. Cataloging.
521 ## - TARGET AUDIENCE NOTE
Target audience note
541 ## - IMMEDIATE SOURCE OF ACQUISITION NOTE
-- 1
562 ## - COPY AND VERSION IDENTIFICATION NOTE
Number of copies 1
942 ## - ADDED ENTRY ELEMENTS (KOHA)
Source of classification or shelving scheme Library of Congress Classification
Koha item type
Call number prefix
Holdings
Withdrawn status Lost status Source of classification or shelving scheme Damaged status Home library Current library Shelving location Date acquired Total Checkouts Full call number Barcode Date last seen Copy number Price effective from Koha item type
    Library of Congress Classification   Luxembourg Library Luxembourg Library Teachers Reference Section 03/20/2013   Z 695 .D533 1997 7408 08/13/2013 1 10/03/2013 Books

Library cataloguing strategies/

APA

(1997). Library cataloguing strategies. New Delhi: Commonwealth Publishers.

Chicago

1997. Library cataloguing strategies. New Delhi: Commonwealth Publishers.

Harvard

(1997). Library cataloguing strategies. New Delhi: Commonwealth Publishers.

MLA

Library cataloguing strategies. New Delhi: Commonwealth Publishers. 1997.

  • Place hold
  • Print
  • Cite
  • Add to your cart (remove)
  • Save record
    BIBTEX Dublin Core MARCXML MARC (non-Unicode/MARC-8) MARC (Unicode/UTF-8) MARC (Unicode/UTF-8, Standard) MODS (XML) RIS
  • More searches
    Search for this title in:
    Other Libraries (WorldCat) Other Databases (Google Scholar) Online Stores (Bookfinder.com) Open Library (openlibrary.org)

Exporting to Dublin Core...

SOUTHVILLE LIBRARY

Southville International School and Colleges Library

1281 Tropical Ave. Cor. Luxembourg St., BF Homes International, Las Pinas City

Tel. No. 8256374 / 252358 Loc. 117/146

Powered by Koha